[Event "Wloclawek CC Classic 22nd"]
[Site "Wloclawek"]
[Date "2019.??.??"]
[Round "5"]
[White "Pocwiardowski, Pawel"]
[Black "Sliwa, Krzysztof"]
[Result "1-0"]
[WhiteElo "1600"]
[BlackElo "1034"]
[PlyCount "115"]
[EventDate "2019.04.??"]
[EventType "swiss"]
[EventRounds "7"]
[EventCountry "POL"]
[SourceTitle "EXT 2021"]
[Source "ChessBase"]
[SourceDate "2020.10.23"]
[SourceVersion "1"]
[SourceVersionDate "2020.10.23"]
[SourceQuality "1"]

1. d4 Nf6 2. c4 d5 3. Nc3 e6 4. Bg5 Be7 5. e3 h6 6. Bh4 c5 7. Nf3 Nc6 8. Be2 0-0 9. 0-0 b6 10. a3 cxd4 11. Nxd4 Nxd4 12. Qxd4 dxc4 13. Qxc4 Bb7 14. Rfd1 Nd5 15. Bxe7 Qxe7 16. Bd3 Rac8 17. Qb3 Qg5 18. Ne4 Qe7 19. Qa4 Bc6 20. Bb5 Bxb5 21. Qxb5 Rc7 22. g3 Rfc8 23. Qa6 Rc4 24. Nd2 R4c5 25. Nb3 R5c6 26. Nd4 Rc5 27. Nb5 Ra8 28. Rac1 Nc7 29. Nxc7 Qxc7 30. Rxc5 Qxc5 31. Qb7 Qc8 32. Rd7 Qxb7 33. Rxb7 Kf8 34. Kg2 g6 35. Kf3 Kg7 36. Kf4 Kf6 37. b4 g5+ 38. Ke4 e5 39. a4 Ke6 40. g4 Kf6 41. h3 Rc8 42. Kd3 Ra8 43. f3 Ke6 44. Kc4 Kd6 45. Rxf7 Rc8+ 46. Kd3 Ke6 47. Rxa7 Rd8+ 48. Ke2 Kd5 49. Rh7 Rd6 50. Kd3 Rc6 51. e4+ Kd6 52. Rxh6+ Kd7 53. Rxc6 Kxc6 54. Kc4 Kd6 55. a5 Kc6 56. b5+ Kb7 57. axb6 Kxb6 58. Kd5 1-0